000 005560000a22001810004500
003 MACL
005 20160302140201.0
008 160302b xxu||||| |||| 00| 0 eng d
040 _aMACL
_cMACL
041 _aHindi
082 _a891.431
100 _aस्‍वराज्‍य प्रसाद त्रिवेदी
_942041
245 _aबरसों बाद भी
260 _bभारती भाषा प्रकाशन
_c1989
_aदिल्‍ली
350 _a50
650 _aPoetry
_942043
942 _cHIN
_k891.431
_2ddc
999 _c29671
_d29671